Economía y comercio en América hispana

Bewaard in:
Bibliografische gegevens
Hoofdauteur: Bravo Acevedo, Guillermo (Auteur)
Formaat: Boek
Taal:Spaans
Gepubliceerd in: Santiago Guillermo Bravo Acevedo 1990
Reeks:Nuevo Mundo: Cinco Siglos, 5
Onderwerpen:
Tags: Voeg label toe
Geen labels, Wees de eerste die dit record labelt!

MARC

LEADER 00000nam a2200000 a 4500
001 UCO2768
003 CL-VaPUC
008 000608e19900000CL |||||||||||||||||spa|d
082 0 4 |a 330.980  |b BRA  |2 21 
100 0 |a Bravo Acevedo, Guillermo  |e author  |9 446378 
245 1 0 |a Economía y comercio en América hispana 
300 |a 174 p 
942 |c BK 
945 |d 20000608 00:00:00  |a rherrera 
260 |a Santiago  |b Guillermo Bravo Acevedo  |c 1990 
650 7 |a ECONOMIA DE AMERICA  |2 CL-VaPUC  |9 446231 
650 0 |a Comercio  |9 255341 
650 7 |a SIGLOS 16-20  |2 CL-VaPUC  |9 371478 
650 7 |a CHILOTES  |2 CL-VaPUC  |9 446379 
650 0 |a Mapuches   |9 392456 
651 0 |a América  |9 255182 
651 7 |a CHILE  |2 CL-VaPUC  |9 446380 
651 0 |a Argentina  |9 254888 
651 0 |a Río de La Plata  |9 357809 
651 0 |a Perú  |9 256567 
651 7 |a LIMA  |2 CL-VaPUC  |9 350186 
583 |a last modification  |c 20000608 00:00:00  |k Rodrigo Vera 
490 0 |a Nuevo Mundo: Cinco Siglos, 5 
999 |c 289263  |d 289261 
952 |0 0  |1 0  |4 0  |6 330_980000000000000_BRA_1990  |7 0  |8 A  |9 337515  |a BIBHIS  |b BIBHIS  |d 2019-11-20  |i 128701K  |o 330.980 BRA 1990  |p 128701K  |r 2025-01-20  |w 2019-11-20  |y BK  |k HIS